| 000 | 00959 a2200181 4500 | ||
|---|---|---|---|
| 003 | NUST | ||
| 005 | 20221205140016.0 | ||
| 040 | _cNust | ||
| 082 | _a070,SHA | ||
| 100 |
_aShahid S.M _9257 |
||
| 245 |
_aMass Communication : _bAn introduction For Exam / _cS.M.Shahid |
||
| 260 |
_aLahore _bEmporium pub _c2006 |
||
| 300 | _a414, p.: | ||
| 505 | _aCommunication (Page-2), The Communication Explosion(Page-27), Mass Communication Theories (Page-45), Types Of Mass Media (Page-84), Introduction To News Writing (Page-121), Handout (Page-150), Opinion Writing (Page-152), The Feature Story (Page-162), Columns And Commentary (Page-172), Muslim Press In Sub Continent (Page-179), National Press (Page-205), Public Relations (Page-223), Public Opinion (Page-241), Propaganda (Page-252), Publicity (Page-268), Advertising (Page-278), Ethics And Libel (Page-322). | ||
| 600 |
_aS.M.Shahid _925799 |
||
| 650 |
_aMass Communication _963753 |
||
| 942 |
_2ddc _cBK _k070,SHA |
||
| 999 |
_c178948 _d178948 |
||